100 amalan yang dimurkai

Bibliographic Details
Main Author: Muhammad Thalib
Corporate Author: Title
Format: Book
Published: Kuala Lumpur : Darul Nu'man , 2002
Subjects:

MARC

LEADER 00000cam a2200000 7i4500
001 0000012926
005 20080104.0
008 080104
020 |a 9830461491 
090 0 0 |a 297.22   |b MUH 
100 0 |a Muhammad Thalib 
245 1 0 |a 100 amalan yang dimurkai   |c Muhammad Thalib 
260 |a Kuala Lumpur :   |b Darul Nu'man ,   |c 2002 
650 0 |a Islamic ethics 
650 0 |a Sin (Islam) 
710 0 |a Title 
999 |a 0000797389   |b Book   |c Adult Collection   |e Cawangan Segamat 
999 |a 0000799495   |b Book   |c Adult Collection   |e Cawangan Pontian 
999 |a 0000818473   |b Book   |c Adult Collection   |e Cawangan Mersing 
999 |a 0000924211   |b Book   |c Adult Collection   |e Cawangan Bukit Gambir 
999 |a 0000924212   |b Book   |c Adult Collection   |e Cawangan Bukit Gambir 
999 |a 0000932828   |b Book   |c Adult Collection   |e Cawangan Tangkak 
999 |a 0001009247   |b Book   |c Adult Collection   |e Perbadanan Perpustakaan Awam Johor 
999 |a 0001009248   |b Book   |c Adult Collection   |e Perbadanan Perpustakaan Awam Johor 
999 |a 0001009249   |b Book   |c Adult Collection   |e Perbadanan Perpustakaan Awam Johor